000
00247nam a22001097a 4500
003
OSt
008
250101b |||||||| |||| 00| 0 eng d
041
_a
eng
100
_a
Geary, A
_9
6716
245
_a
Mathematics for Technical Students 1
942
_c
BK
999
_c
18820
_d
18820